| 000 | 00613nam a2200217Ia 4500 | ||
|---|---|---|---|
| 001 | 265 | ||
| 005 | 20251203123022.0 | ||
| 008 | 251203t2003||||xx |||||||||||||| ||spa|| | ||
| 041 | _aESP | ||
| 082 |
_a303.6250985 _bE79 |
||
| 100 |
_aEscudero, Ana Lucía, _cinvestigador |
||
| 245 | 0 |
_aLa verdad sobre el espanto: el Perú en los tiempos del terror _b |
|
| 250 | _aPrimera edición | ||
| 260 |
_aLima : _bCaretas _c2003 |
||
| 300 |
_a231 páginas : _b ilustraciones, retratos ; _c 30 cm. _e |
||
| 440 |
_a _n _v |
||
| 650 | _aCIS | ||
| 653 | _aTerrorismo en el Perú | ||
| 654 | _aCTP | ||
| 942 |
_cLIB _dJUS _fMIP _2ddc _n |
||
| 999 |
_c265 _d265 |
||